| 000 | 00418cam a22001097a 4500 | ||
|---|---|---|---|
| 008 | 180718b1969 xxu||||| |||| 00| 0 eng d | ||
| 082 | _aT39065x54 In2/1966-69 | ||
| 245 |
_aBrochure of India's foreign trade statistics : interim plan period ( 1966-67 to 1968-69) _cby Ministry of Foreign Trade, Maharashtra |
||
| 260 |
_aNasik _bGovernment Press _c1969 |
||
| 300 | _a233+p. | ||
| 700 | _aMaharashtra.Ministry of Foreign Trade | ||
| 999 |
_c498103 _d498103 |
||